000 01008cam a2200301Ia 4500
001 41474
005 20230410101712.0
008 810203s1979 ht a b 000 0 fre d
035 _a(OCoLC)ocm07100449
040 _aUIU
_cUIU
_dIXA
035 _a(OCoLC)7100449
043 _anwht---
082 0 0 _a759.7294
050 1 4 _a110 ND 308
_bP143s 1979
100 1 _aPailliere, Madeleine.
245 1 0 _aSaint-Brice en six tableaux et un dessin /
_cMadeleine Pailliere ; photographies, Dominique Franck-Simon.
260 _aPort-au-Prince, Haiti :
_bH. Deschamps,
_c[1979]
300 _a62, [4] p., [7] leaves of plates :
_b7 col. ill. ;
_c21 cm.
440 0 _aPeintre d'Haiti
500 _a"On voyait souvent ses tableaux sur les murs du Centre d'Art (Port-au-Prince, Haiti)."
504 _aIncludes bibliography.
600 1 0 _aSaint-Brice, Robert,
_d1898-1973.
650 0 _aPainting, Haitian.
650 4 _aCEH
650 4 _aColeccion Estudios Haitianos
942 _2lcc
_cbk
994 _aC0
_bDRFGD
999 _c12362
_d12362